| Tag |
First Indicator |
Second Indicator |
Subfields |
| LEADER |
00000cam a2200000 4500 |
| 001 |
in00000049730 |
| 005 |
20180508134826.0 |
| 008 |
721024s1972 nyu 00001 eng |
| 010 |
|
|
|a 72076223
|
| 020 |
|
|
|a 0385085060
|c $5.95
|
| 035 |
|
|
|a (OCoLC)00495348
|
| 035 |
|
|
|9 AAF0272AM
|
| 040 |
|
|
|a DLC
|c DLC
|d TXA
|d UtOrBLW
|
| 049 |
|
|
|a TXAM [Also in] [Sp Coll]
|c 1 [955703]
|a TXAS
|c [1700621]
|
| 050 |
0 |
0 |
|a PZ4.Z456
|b Gu
|a PS3576.E43
|
| 090 |
|
|
|a PS3576.E43
|b G86 1972
|
| 100 |
1 |
|
|a Zelazny, Roger.
|
| 245 |
1 |
4 |
|a The guns of Avalon.
|
| 250 |
|
|
|a [1st ed.].
|
| 264 |
|
1 |
|a Garden City, N.Y. :
|b Doubleday,
|c 1972.
|
| 300 |
|
|
|a 180 pages ;
|c 22 cm.
|
| 336 |
|
|
|a text
|b txt
|2 rdacontent
|
| 337 |
|
|
|a unmediated
|b n
|2 rdamedia
|
| 338 |
|
|
|a volume
|b nc
|2 rdacarrier
|
| 490 |
1 |
|
|a Doubleday science fiction
|
| 500 |
|
|
|a One of the Cushing Library/Science Fiction copies is signed by the author.
|
| 500 |
|
|
|a The Cushing Library/Science Fiction copies have printer's keys which indicate different printings.
|
| 830 |
|
0 |
|a Doubleday science fiction.
|
| 999 |
|
|
|a MARS
|
| 999 |
f |
f |
|s 5d22a0ae-0427-3868-84a8-e2fbc6988f5e
|i be49fadf-c5ef-3580-aacc-dc06841eb61f
|t 0
|
| 952 |
f |
f |
|p noncirc
|a Texas A&M University
|b College Station
|c Cushing Memorial Library & Archives
|d Cushing: Science Fiction (Does not check out)
|t 0
|e PZ4.Z456 Gu
|h Library of Congress classification
|i unmediated -- volume
|m A14800452597
|
| 952 |
f |
f |
|p ric
|a Texas A&M University
|b Rellis Campus
|c Joint Library Facility
|d Remote Storage
|t 0
|e PS3576.E43 G86 1972
|h Library of Congress classification
|i unmediated -- volume
|m A14804340988
|
| 998 |
f |
f |
|a PZ4.Z456 Gu
|t 0
|l Cushing: Science Fiction (Does not check out)
|
| 998 |
f |
f |
|a PS3576.E43 G86 1972
|t 0
|l Remote Storage
|